[Event "Madrid-ch"]
[Site "Madrid"]
[Date "2015.02.16"]
[Round "7"]
[White "Jimenez Gonzalez, Marcos"]
[Black "Roman Garcia, Jose Luis"]
[Result "1-0"]
[WhiteElo "1856"]
[BlackElo "1469"]
[PlyCount "93"]
[EventDate "2015.02.02"]
[EventType "swiss"]
[EventRounds "9"]
[EventCountry "ESP"]
[SourceTitle "CBM 164 Extra"]
[Source "ChessBase"]
[SourceDate "2015.03.02"]
[SourceVersion "1"]
[SourceVersionDate "2015.03.02"]
[SourceQuality "1"]

1. d4 d5 2. c4 e6 3. Nf3 Be7 4. g3 Nf6 5. Bg2 Nbd7 6. Qc2 c6 7. 0-0 0-0 8. Nbd2 h6 9. b3 Nh7 10. e4 dxe4 11. Nxe4 f5 12. Nc3 Ng5 13. Ne5 Qe8 14. f4 Nh7 15. Be3 Ndf6 16. d5 Ng4 17. Nxg4 fxg4 18. dxc6 bxc6 19. Nb5 Qd7 20. Rad1 Qb7 21. Nd6 Qc7 22. c5 Ba6 23. Rfe1 Rad8 24. Qe4 Rf6 25. Bd4 Bxd6 26. Bxf6 Nxf6 27. Qxe6+ Kh8 28. cxd6 Qb6+ 29. Qe3 c5 30. d7 Bb5 31. Qe6 Qc7 32. Qd6 Rxd7 33. Qxc7 Rxc7 34. a4 Be8 35. Rd8 c4 36. Rdxe8+ Kh7 37. R8e7 Rc8 38. bxc4 Rxc4 39. Rxa7 Rc3 40. Be4+ Kg8 41. Bg6 Rc8 42. a5 Kf8 43. Rf7+ Kg8 44. Rxf6 gxf6 45. Re8+ Rxe8 46. Bxe8 Kf8 47. a6 1-0

[Event "Madrid-ch"]
[Site "Madrid"]
[Date "2015.02.10"]
[Round "5"]
[White "Roman Garcia, Jose Luis"]
[Black "Montes de Santiago, Fernando"]
[Result "1-0"]
[WhiteElo "1469"]
[BlackElo "1774"]
[PlyCount "85"]
[EventDate "2015.02.02"]
[EventType "swiss"]
[EventRounds "9"]
[EventCountry "ESP"]
[SourceTitle "CBM 164 Extra"]
[Source "ChessBase"]
[SourceDate "2015.03.02"]
[SourceVersion "1"]
[SourceVersionDate "2015.03.02"]
[SourceQuality "1"]

1. e4 c5 2. Nf3 d6 3. Bc4 Nf6 4. e5 dxe5 5. Nxe5 e6 6. 0-0 Bd6 7. Bb5+ Bd7 8. Bxd7+ Nbxd7 9. Nxd7 Qxd7 10. d3 Qc7 11. h3 Nd5 12. c4 Ne7 13. Nc3 a6 14. Qa4+ Qc6 15. Qxc6+ Nxc6 16. Ne4 Be7 17. Be3 b6 18. a3 0-0 19. Rfb1 Rfd8 20. Rd1 Ne5 21. b4 f5 22. Bg5 fxe4 23. Bxe7 Rd7 24. Bg5 exd3 25. bxc5 bxc5 26. Rac1 Rc8 27. Rd2 h6 28. Be3 Kf7 29. f4 Nc6 30. Bxc5 Na5 31. Be3 Nxc4 32. Kf2 Nxd2 33. Rxc8 Nb3 34. Ke1 d2+ 35. Kd1 Rd3 36. Rc7+ Kf6 37. Bf2 Nc1 38. Rc2 Ne2 39. Bh4+ g5 40. fxg5+ hxg5 41. Bf2 Nc3+ 42. Rxc3 Rxc3 43. Bd4+ 1-0

[Event "Madrid San Viator op 20th"]
[Site "Madrid"]
[Date "2013.04.28"]
[Round "4"]
[White "Roman Garcia, Jose Luis"]
[Black "Rodriguez Varela, Alvaro"]
[Result "0-1"]
[WhiteElo "1490"]
[BlackElo "1751"]
[PlyCount "62"]
[EventDate "2013.04.07"]
[EventType "swiss"]
[EventRounds "9"]
[EventCountry "ESP"]
[SourceTitle "EXT 2014"]
[Source "ChessBase"]
[SourceDate "2013.11.20"]
[SourceVersion "1"]
[SourceVersionDate "2013.11.20"]
[SourceQuality "1"]

1. e4 e5 2. Nf3 Nc6 3. Bc4 Nf6 4. Ng5 d5 5. exd5 Na5 6. Bb5+ c6 7. dxc6 bxc6 8. Be2 h6 9. Nf3 e4 10. Ne5 Bd6 11. Nc4 Nxc4 12. Bxc4 0-0 13. 0-0 Bxh2+ 14. Kh1 Bc7 15. Be2 Qd6 16. g3 Qe6 17. d3 Qh3+ 18. Kg1 Bxg3 19. fxg3 Qxg3+ 20. Kh1 Qh4+ 21. Kg1 Qg3+ 22. Kh1 Ng4 23. Bxg4 Bxg4 24. Qe1 Bf3+ 25. Rxf3 Qxf3+ 26. Kg1 Rae8 27. Nd2 Qg4+ 28. Kh2 exd3 29. Qf1 Re2+ 30. Kh1 Qh4+ 31. Kg1 Qh2# 0-1

[Event "Madrid San Viator op 20th"]
[Site "Madrid"]
[Date "2013.04.21"]
[Round "3"]
[White "Camarero Izquierdo, Juan Carlos"]
[Black "Roman Garcia, Jose Luis"]
[Result "1-0"]
[WhiteElo "1934"]
[BlackElo "1490"]
[PlyCount "25"]
[EventDate "2013.04.07"]
[EventType "swiss"]
[EventRounds "9"]
[EventCountry "ESP"]
[SourceTitle "EXT 2014"]
[Source "ChessBase"]
[SourceDate "2013.11.20"]
[SourceVersion "1"]
[SourceVersionDate "2013.11.20"]
[SourceQuality "1"]

1. d4 d5 2. Nc3 Nf6 3. Bg5 e6 4. e4 dxe4 5. Nxe4 Be7 6. Bxf6 Bxf6 7. Nf3 Nd7 8. Qd3 0-0 9. 0-0-0 Be7 10. h4 c5 11. Kb1 b6 12. Nfg5 Nf6 13. Nxf6+ 1-0

[Event "Madrid San Viator op 20th"]
[Site "Madrid"]
[Date "2013.04.07"]
[Round "1"]
[White "Garcia Ruiz Fuentes, Angel Marcos"]
[Black "Roman Garcia, Jose Luis"]
[Result "1-0"]
[WhiteElo "1952"]
[BlackElo "1490"]
[PlyCount "63"]
[EventDate "2013.04.07"]
[EventType "swiss"]
[EventRounds "9"]
[EventCountry "ESP"]
[SourceTitle "EXT 2014"]
[Source "ChessBase"]
[SourceDate "2013.11.20"]
[SourceVersion "1"]
[SourceVersionDate "2013.11.20"]
[SourceQuality "1"]

1. e4 e5 2. Bc4 Nf6 3. d4 Be7 4. dxe5 Nxe4 5. Qd5 0-0 6. Qxe4 d6 7. Bd3 g6 8. Nc3 dxe5 9. Bh6 Re8 10. 0-0-0 Bg5+ 11. Bxg5 Qxg5+ 12. Kb1 Bf5 13. Qxb7 Nd7 14. Bxf5 Qxf5 15. Qf3 Qe6 16. Qd5 Nb6 17. Qxe6 Rxe6 18. Nf3 Nc4 19. b3 Rb8 20. Nd5 Rb7 21. Ng5 Ra6 22. Ne4 Kg7 23. Nc5 Na3+ 24. Kb2 Nc4+ 25. Ka1 Na3 26. Nxa6 Nxc2+ 27. Kb2 Nd4 28. Naxc7 a5 29. Ne8+ Kh6 30. f4 a4 31. Rd3 Rb5 32. Rh3# 1-0

[Event "Madrid-ch Previa-B"]
[Site "Madrid"]
[Date "2013.02.23"]
[Round "9"]
[White "Caravantes Camacho, Fernando"]
[Black "Roman Garcia, Jose Luis"]
[Result "0-1"]
[WhiteElo "1817"]
[BlackElo "1512"]
[PlyCount "50"]
[EventDate "2013.02.01"]
[EventType "swiss"]
[EventRounds "9"]
[EventCountry "ESP"]
[SourceTitle "CBM 152 Extra"]
[Source "ChessBase"]
[SourceDate "2013.02.25"]
[SourceVersion "1"]
[SourceVersionDate "2013.02.25"]
[SourceQuality "1"]

1. e4 e5 2. Nf3 Nc6 3. Bc4 Be7 4. 0-0 Nf6 5. Nc3 d6 6. h3 0-0 7. d4 exd4 8. Nxd4 Ne5 9. Bb3 c5 10. Nf3 c4 11. Ba4 a6 12. Qe2 b5 13. Nxb5 axb5 14. Bxb5 Nxf3+ 15. Qxf3 Ba6 16. Bxa6 Rxa6 17. Rd1 Qa8 18. Bg5 Rxa2 19. Rxa2 Qxa2 20. Qc3 Nxe4 21. Qb4 Nxg5 22. Rd5 Qb1+ 23. Kh2 Qxc2 24. Qb7 Bf6 25. Rxd6 Be5+ 0-1